| 000 | 00516nam a22001817a 4500 | ||
|---|---|---|---|
| 001 | 000018186 | ||
| 005 | 20200929165406.0 | ||
| 008 | 850828s1985 fr b 000 0 fre | ||
| 010 | _a85183348 | ||
| 020 |
_a2710302217 : _c95.00F |
||
| 040 |
_aDO-SdBNP _cDLC _dDLC |
||
| 050 | 0 | 0 | _aMLCS 85/10308 (P) |
| 100 | 1 |
_aBourin, Jeanne. _939394 |
|
| 245 | 1 | 3 |
_aLe grand feu : _broman / _cJeanne Bourin. |
| 260 |
_aParis : _bTable ronde, _cc1985. |
||
| 300 |
_a445 p. : _bmap ; _c22 cm. |
||
| 910 | _aCatalogación por copia / LC | ||
| 999 |
_c17707 _d17707 |
||